000 00278nam a2200109Ia 4500
008 200302s9999 xx 000 0 und d
100 _aStephen J. Kirk & Other
245 _aCreative Design Decisions
260 _bVan Nostrand Renhold Company
260 _c1988
300 _a282 P.,
999 _c1054
_d1054